000 01269nam a2200337 i 4500
003 EG-GICUC
005 20260429163025.0
008 260429s1999 ua ||||fr|||| 000 0 ara d
017 _a1999/15955
020 _a977-04-2747-0
040 _a EG-GICUC
_bara
_c EG-GICUC
_d EG-GICUC
_erda
041 0 _aara
082 0 4 _221
_a345
_bم ح . أ
092 0 4 _221
099 _aLaw1 07 345 م ح . أ 1999
100 0 _aمحمد صلاح عبدالبديع السيد.
_eمؤلف.
245 1 2 _aالأصول الإسلامية للقانون الإداري المعاصر /
_cمحمد صلاح عبدالبديع السيد.
264 1 _aالقاهرة :
_bدار النهضة العربية،
_c1999.
300 _a118 صفحة، صفحات غير مرقمة ؛
_c24 سم.
336 _2rda content
_atext
337 _2rda media
_aComputer
338 _2rda carrier
_aOnline Resource
504 _a ببليوجرافيا: صفحات 105 - 116
504 _aيشتمل على إرجاعات ببليوجرافية.
546 _aالنص باللغة العربية
650 1 _aالقانون الإداري
_2qrmak
651 1 _2qrmak
856 4 0 _uhttps://fll.law.cu.edu.eg/fulltext/bks/B07-04718.pdf
905 _a62
942 _2ddc
_n0
_cBK
_e21
999 _c74277
_d74277